[Event "Andorra op 39th"]
[Site "Escaldes"]
[Date "2023.07.28"]
[Round "7"]
[White "Ventura Bolet, Maxim"]
[Black "Romero Pallares, Daniel"]
[Result "1-0"]
[WhiteElo "2204"]
[BlackElo "2275"]
[PlyCount "85"]
[EventDate "2023.07.22"]
[EventType "swiss"]
[EventRounds "9"]
[EventCountry "AND"]
[SourceTitle "CBM 215 Extra"]
[Source "ChessBase"]
[SourceDate "2023.09.30"]
[SourceVersion "1"]
[SourceVersionDate "2023.09.30"]
[SourceQuality "1"]

1. Nf3 Nf6 2. c4 g6 3. g3 Bg7 4. Bg2 0-0 5. d4 d6 6. Nc3 c6 7. e4 Be6 8. d5 cxd5 9. cxd5 Bg4 10. h3 Bxf3 11. Bxf3 Nbd7 12. 0-0 Qa5 13. Bg2 Rfc8 14. Be3 Ne5 15. Rb1 Nfd7 16. Bd4 Nc4 17. Bxg7 Kxg7 18. Qd4+ Kg8 19. Rfc1 Rc7 20. h4 h5 21. a4 a6 22. b4 Qb6 23. Qxb6 Ncxb6 24. a5 Rac8 25. Ne2 Nc4 26. Bh3 Kf8 27. Bxd7 Rxd7 28. Rc3 Rdc7 29. Rbc1 Ke8 30. f3 Kd7 31. Kf2 Kd8 32. g4 Ne5 33. Rxc7 Rxc7 34. Rxc7 Kxc7 35. gxh5 gxh5 36. Nf4 Kd7 37. Nxh5 Nd3+ 38. Ke3 Nxb4 39. Nf4 Ke8 40. Kd2 Kf8 41. Kc3 Na2+ 42. Kb3 Nc1+ 43. Kb2 1-0

[Event "Titled Tuesday intern op 04th Apr Early"]
[Site "Chess.com INT"]
[Date "2023.04.04"]
[Round "8"]
[White "Orujov, Farid"]
[Black "Romero Pallares, Daniel"]
[Result "0-1"]
[WhiteElo "2225"]
[BlackElo "2275"]
[PlyCount "112"]
[EventDate "2023.04.04"]
[EventType "swiss (blitz)"]
[EventRounds "11"]
[EventCountry "USA"]
[SourceTitle "EXT 2024"]
[Source "ChessBase"]
[SourceDate "2023.10.10"]
[SourceVersion "1"]
[SourceVersionDate "2023.10.10"]
[SourceQuality "1"]

1. e4 d5 2. exd5 Qxd5 3. Nc3 Qa5 4. d4 Nf6 5. Nf3 Bf5 6. Ne5 c6 7. Bd3 Bxd3 8. Qxd3 e6 9. Bd2 Qc7 10. 0-0-0 Nbd7 11. Rhe1 Nxe5 12. dxe5 Nd5 13. Nxd5 cxd5 14. f4 g6 15. g4 h5 16. h3 0-0-0 17. f5 hxg4 18. hxg4 gxf5 19. gxf5 Kb8 20. fxe6 fxe6 21. Kb1 Rc8 22. Rc1 a6 23. Be3 Bc5 24. Bxc5 Qxc5 25. Rh1 Rhg8 26. Rh6 Rc6 27. Rh7 Rg1 28. Rh1 Rg4 29. a3 Re4 30. Rce1 Rd4 31. Qb3 Rb6 32. Qh3 Rd2 33. Rc1 Ka7 34. Rhf1 Qd4 35. b3 Re2 36. Rfe1 Rxe5 37. Rxe5 Qxe5 38. Rf1 Qe2 39. Rf8 Qd1+ 40. Kb2 Qd4+ 41. Kb1 e5 42. Qh8 Rd6 43. Ra8+ Kb6 44. a4 Qd1+ 45. Kb2 Qd4+ 46. Kb1 Qc5 47. Qh2 e4 48. Qd2 e3 49. Qe1 Rc6 50. Qe2 Qc3 51. Rb8 Ka7 52. Rd8 d4 53. Qh2 Rc7 54. Qd6 Qxc2+ 55. Ka1 Qc1+ 56. Ka2 Rc2# 0-1

[Event "Titled Tuesday intern op 04th Apr Early"]
[Site "Chess.com INT"]
[Date "2023.04.04"]
[Round "3"]
[White "Romero Pallares, Daniel"]
[Black "Kilic, Eray"]
[Result "0-1"]
[WhiteElo "2275"]
[BlackElo "2418"]
[PlyCount "120"]
[EventDate "2023.04.04"]
[EventType "swiss (blitz)"]
[EventRounds "11"]
[EventCountry "USA"]
[SourceTitle "EXT 2024"]
[Source "ChessBase"]
[SourceDate "2023.10.10"]
[SourceVersion "1"]
[SourceVersionDate "2023.10.10"]
[SourceQuality "1"]

1. Nf3 Nf6 2. g3 g6 3. b3 Bg7 4. Bb2 0-0 5. Bg2 d5 6. c4 Nc6 7. cxd5 Nxd5 8. Bxg7 Kxg7 9. d4 Bg4 10. 0-0 Nb6 11. e3 e5 12. dxe5 Qxd1 13. Rxd1 Nxe5 14. Nbd2 Nxf3+ 15. Nxf3 Rad8 16. h3 Bxf3 17. Bxf3 c6 18. h4 Kf6 19. Kf1 Ke5 20. Ke2 f5 21. Rac1 Ke6 22. b4 a6 23. a3 Na4 24. Rxd8 Rxd8 25. Rc2 Rd6 26. Ke1 Kd7 27. Be2 b5 28. Bf3 Nb6 29. Be2 Kc7 30. h5 Nd7 31. hxg6 hxg6 32. f3 Nf6 33. Kf2 Re6 34. Bd3 Rd6 35. Ke2 Kb6 36. Rc5 Nd7 37. Rc3 c5 38. bxc5+ Nxc5 39. Bc2 a5 40. g4 fxg4 41. fxg4 g5 42. Kf3 Rd2 43. Bf5 b4 44. axb4 axb4 45. Rc4 b3 46. Rd4 Rh2 47. Rd6+ Kb5 48. Rg6 b2 49. Rxg5 Kc4 50. Rg8 Rh1 51. Rb8 Na4 52. Be6+ Kc5 53. Bf5 Kc4 54. Be6+ Kc3 55. Bf5 Nc5 56. Rc8 Rf1+ 57. Kg2 Rxf5 58. gxf5 b1Q 59. Rxc5+ Kd3 60. Re5 Qb2+ 0-1

[Event "Titled Tuesday intern op 04th Apr Late"]
[Site "Chess.com INT"]
[Date "2023.04.04"]
[Round "3"]
[White "Romero Pallares, Daniel"]
[Black "Kravtsiv, Martyn"]
[Result "0-1"]
[WhiteElo "2275"]
[BlackElo "2598"]
[PlyCount "64"]
[EventDate "2023.04.04"]
[EventType "swiss (blitz)"]
[EventRounds "11"]
[EventCountry "USA"]
[SourceTitle "EXT 2024"]
[Source "ChessBase"]
[SourceDate "2023.10.10"]
[SourceVersion "1"]
[SourceVersionDate "2023.10.10"]
[SourceQuality "1"]

1. Nf3 c5 2. b3 Nc6 3. Bb2 d6 4. d4 cxd4 5. Nxd4 Nf6 6. g3 e5 7. Nxc6 bxc6 8. Bg2 Qc7 9. 0-0 Be7 10. c4 0-0 11. Nc3 Rb8 12. Qd2 Nd7 13. Rad1 f5 14. Ba3 Rf6 15. h3 Bb7 16. g4 fxg4 17. Ne4 Rg6 18. hxg4 c5 19. Ng3 Rxg4 20. Bxb7 Qxb7 21. Kh2 Rf8 22. Qd5+ Qxd5 23. Rxd5 Nf6 24. Rd3 Ne4 25. Nxe4 Rxe4 26. f3 Rxe2+ 27. Kg3 Rxa2 28. b4 e4 29. Re3 Rxf3+ 30. Rfxf3 exf3 31. bxc5 f2 32. Kg2 dxc5 0-1

[Event "Titled Tuesday intern op 04th Apr Late"]
[Site "Chess.com INT"]
[Date "2023.04.04"]
[Round "6"]
[White "Romero Pallares, Daniel"]
[Black "Novikova, Galina"]
[Result "1-0"]
[WhiteElo "2275"]
[BlackElo "2073"]
[PlyCount "139"]
[EventDate "2023.04.04"]
[EventType "swiss (blitz)"]
[EventRounds "11"]
[EventCountry "USA"]
[SourceTitle "EXT 2024"]
[Source "ChessBase"]
[SourceDate "2023.10.10"]
[SourceVersion "1"]
[SourceVersionDate "2023.10.10"]
[SourceQuality "1"]

1. d4 e6 2. Bf4 f5 3. e3 Nf6 4. Nc3 Be7 5. h3 d6 6. g4 0-0 7. Bd3 Nc6 8. gxf5 exf5 9. Qf3 Nb4 10. Bc4+ d5 11. Bb3 c6 12. Nge2 Kh8 13. 0-0-0 b5 14. a3 Na6 15. Rhg1 Nc7 16. Be5 Ne6 17. Nf4 Nxf4 18. Qxf4 a5 19. Qg5 Rg8 20. Qf4 b4 21. axb4 axb4 22. Nb1 Ra1 23. f3 Be6 24. Rg2 Qa5 25. Kd2 Ra2 26. Bxa2 b3+ 27. Nc3 bxa2 28. Ra1 Qb4 29. Rxa2 c5 30. dxc5 d4 31. Qxd4 Rd8 32. Ra8 Qxd4+ 33. exd4 Rxa8 34. b4 Rd8 35. Ke3 Kg8 36. b5 g6 37. b6 Nd5+ 38. Nxd5 Bxd5 39. Rg1 Kf7 40. Ra1 Bf6 41. f4 Bxe5 42. fxe5 Rd7 43. Ra4 Ke6 44. c4 Bc6 45. Rb4 Bb7 46. h4 h6 47. Ra4 g5 48. hxg5 hxg5 49. Ra7 f4+ 50. Kf2 g4 51. d5+ Kxe5 52. Rxb7 g3+ 53. Kf3 Rxb7 54. c6 Rg7 55. b7 Rg8 56. c7 g2 57. b8Q Rg3+ 58. Ke2 g1Q 59. c8Q+ Kd4 60. Qa7+ Kc3 61. Qxg1 Rxg1 62. Kf3 Rf1+ 63. Ke4 f3 64. Qh3 Re1+ 65. Kxf3 Kxc4 66. Kf2 Rd1 67. Qg4+ Rd4 68. Qd1 Kb4 69. Qxd4+ Kb5 70. Qc3 1-0

[Event "Titled Tuesday intern op 04th Apr Early"]
[Site "Chess.com INT"]
[Date "2023.04.04"]
[Round "7"]
[White "Shuvalova, Polina"]
[Black "Romero Pallares, Daniel"]
[Result "1-0"]
[WhiteElo "2475"]
[BlackElo "2275"]
[PlyCount "77"]
[EventDate "2023.04.04"]
[EventType "swiss (blitz)"]
[EventRounds "11"]
[EventCountry "USA"]
[SourceTitle "EXT 2024"]
[Source "ChessBase"]
[SourceDate "2023.10.10"]
[SourceVersion "1"]
[SourceVersionDate "2023.10.10"]
[SourceQuality "1"]

1. e4 g6 2. d4 Bg7 3. c3 d6 4. Bd3 Nf6 5. Nf3 0-0 6. 0-0 Nc6 7. Nbd2 e5 8. dxe5 Nxe5 9. Nxe5 dxe5 10. Qc2 Nh5 11. Re1 Bh6 12. Nc4 Bxc1 13. Raxc1 Qe7 14. Rcd1 Nf4 15. Bf1 Kg7 16. g3 Nh5 17. Qb3 b6 18. Qb5 Bg4 19. Be2 Bxe2 20. Rxe2 c5 21. Qd7 Qf6 22. Red2 Rad8 23. Qc7 Rxd2 24. Rxd2 Re8 25. Kg2 Qg5 26. h4 Qg4 27. Nd6 Nf4+ 28. Kg1 Rf8 29. Qe7 Ne6 30. a4 Qf3 31. Ne8+ Kg8 32. Nf6+ Kg7 33. Nd7 Rg8 34. Nxe5 Qxe4 35. Qxf7+ Kh6 36. Qxg8 Qe1+ 37. Kg2 Qxd2 38. Qxe6 c4 39. Ng4+ 1-0

[Event "Titled Tuesday intern op 28th Mar Late"]
[Site "Chess.com INT"]
[Date "2023.03.28"]
[Round "8"]
[White "Romero Pallares, Daniel"]
[Black "Wang, Alexander J"]
[Result "1-0"]
[WhiteElo "2260"]
[BlackElo "1815"]
[PlyCount "75"]
[EventDate "2023.03.28"]
[EventType "swiss (blitz)"]
[EventRounds "11"]
[EventCountry "USA"]
[SourceTitle "EXT 2024"]
[Source "ChessBase"]
[SourceDate "2023.10.10"]
[SourceVersion "1"]
[SourceVersionDate "2023.10.10"]
[SourceQuality "1"]

1. Nf3 d5 2. b3 Nf6 3. Bb2 e6 4. c4 c6 5. e3 Be7 6. Be2 0-0 7. Qc2 b6 8. Rg1 Bb7 9. g4 Ne4 10. d3 Nc5 11. g5 g6 12. Nbd2 f5 13. Qc3 d4 14. exd4 Ncd7 15. d5 e5 16. Nxe5 Bc5 17. Nxc6 Qe7 18. Nxe7+ Kf7 19. Qg7+ Ke8 20. Nxg6 hxg6 21. Qxg6+ Kd8 22. h4 Be7 23. h5 b5 24. h6 bxc4 25. dxc4 Na6 26. h7 Nb4 27. 0-0-0 Rc8 28. Kb1 Nxd5 29. cxd5 Bxd5 30. Nc4 Bf7 31. Rxd7+ Kxd7 32. Rd1+ Ke8 33. Nd6+ Bxd6 34. Bb5+ Rc6 35. Bxc6+ Kd8 36. Qxd6+ Kc8 37. Qd7+ Kb8 38. Qb7# 1-0